000
00334nam a2200133Ia 4500
008
100328s9999 xx 000 0 und d
082
_b
36089
100
_a
पानवलकर श्री.दा.
245
_a
सूर्य
260
_b
मौज
630
_a
सूर्य
730
_a
सूर्य
942
_c
BOOK
999
_c
525823
_d
525820